Districts in Burdur - Statistics

General Stats
  • This quiz has been taken 5 times
  • The average score is 6 of 11
Answer Stats
District % Correct
Bucak
100%
Burdur Merkez
100%
Yeşilova
100%
Ağlasun
50%
Çavdır
50%
Çeltikçi
50%
Karamanlı
50%
Kemer
50%
Tefenni
50%
Altınyayla
0%
Gölhisar
0%
No matching quizzes found
Score Distribution
Percent of People with Each Score
Percentile by Number Answered
Your Score History
You have not taken this quiz